000 00482nam a2200193 a 4500
001 3000
003 CO-ViMGA
008 141112s2004 ck r 000 u spa d
040 _aCO-ViMGA
_bspa
_cCO-ViMGA
082 0 4 _a792.027 G174
100 1 _aGatlus, Pilar
_95028
245 1 0 _aMaquillaje para niños
260 _aBarcelona :
_bCeac,
_c1989
300 _a47 p : il
490 _aCómo hacerlo, 53
650 1 4 _aDISFRACES
_95029
650 1 4 _aMAQUILLAJE
_95030
942 _2ddc
_cBK
999 _c15062
_d15062